000 00626cam a2200205 4500500
005 20260329002426.0
041 _afre
042 _adc
100 1 0 _aNassif, Philippe
_eauthor
245 0 0 _aAndré Comte-Sponville: “Seul le présent existe”
260 _c2012.
500 _a51
690 _aAndré Comte-Sponville
690 _aAthéisme
690 _aCapitalisme
690 _aSexe
690 _aSpiritualité
786 0 _nPhilosophie magazine | 60 | 6 | 2012-06-01 | p. 16-18 | 1951-1787
856 4 1 _uhttps://shs.cairn.info/magazine-philosophie-magazine-2012-6-page-16?lang=fr&redirect-ssocas=7080
999 _c1814807
_d1814807